Gowthamm Mandala

Purdue B


Categories

Beliefs1211304687.6702
Other Science: Astronomy1100255182.0011
Geography010010103103.0000
History - European History010010106106.0000
History - World History010110114114.0000
000000.0000
Science - Chemistry000000.0000
Chemistry>0010-50.0000
Literature - American Literature0010-50.0000
Science - Biology0030-150.0000

Buzzes

Beliefstrees1546
Other Science: AstronomyVenus1551
Science - Biologyparathyroid glands-556
Literature - American LiteratureHumbert Humbert-574
Chemistry>column chromatography-582
BeliefsKartikeya1097
Geographysandstorms10103
Science - Biologyseed dispersal-5104
History - European Historycosmonauts10106
Other Science: Astronomyblue10113